|
|
|
|
| LEADER |
00000cam a2200000 4500 |
| 001 |
vtls011760755 |
| 003 |
SK-MaSNL |
| 005 |
20260426010200.0 |
| 008 |
200104s2017 xo g d 000 0 slo |
| 015 |
|
|
|a SNBA2018/08
|
| 020 |
|
|
|a 9788022343541
|q (brožované)
|
| 035 |
|
|
|a urn:nbn:sk:snk-am00d4ob
|
| 035 |
|
|
|a urn:nbn:sk:snk-am3hlle
|
| 035 |
|
|
|a 29F88CF3-BB9F-4D48-9C19-822390C50B30
|
| 040 |
|
|
|a SNK
|b slo
|c SNK
|e rda
|
| 041 |
0 |
|
|a slo
|a eng
|
| 044 |
|
|
|a xo
|c SK
|
| 072 |
|
7 |
|a 81
|x Lingvistika. Jazyky
|2 konspekt
|
| 072 |
|
7 |
|a 902
|x Archeológia
|2 konspekt
|
| 080 |
|
|
|a 902
|2 2011
|
| 080 |
|
|
|a 811.111
|2 2011
|
| 080 |
|
|
|a 811.162.4
|2 2011
|
| 080 |
|
|
|a 81'373.46
|2 2011
|
| 080 |
|
|
|a (038)81
|2 2011
|
| 100 |
1 |
|
|a Krekovič, Eduard,
|d 1948-2022
|4 aut
|9 86424
|
| 245 |
1 |
0 |
|a Anglicko-slovenský archeologický slovník
|c Eduard Krekovič, Martin Bača
|
| 250 |
|
|
|a Prvé vydanie
|
| 264 |
|
1 |
|a Bratislava
|b Vydavateľstvo UK
|b Univerzita Komenského v Bratislave, Filozofická fakulta
|c 2017
|
| 300 |
|
|
|a 111 strán
|c 21 cm
|
| 336 |
|
|
|a text
|b txt
|2 rdacontent
|
| 337 |
|
|
|a bez média
|b n
|2 rdamedia
|
| 338 |
|
|
|a zväzok
|b nc
|2 rdacarrier
|
| 366 |
|
|
|e 100 kusov
|
| 504 |
|
|
|a Bibliografia na strane 111
|
| 546 |
|
|
|a Text v angličtine a slovenčine
|
| 650 |
0 |
7 |
|a archeológia
|2 SNKPH
|9 4974
|
| 650 |
0 |
7 |
|a Archaeology
|2 SNKPHeng
|9 265389
|
| 650 |
0 |
7 |
|a angličtina
|2 SNKPH
|9 1260
|
| 650 |
0 |
7 |
|a English language
|2 SNKPHeng
|9 279139
|
| 650 |
0 |
7 |
|a odborná terminológia
|2 SNKPH
|9 3616
|
| 650 |
0 |
7 |
|a slovenčina
|2 SNKPH
|9 1350
|
| 650 |
0 |
7 |
|a Slovak language
|2 SNKPHeng
|9 266031
|
| 650 |
0 |
7 |
|a Terminology (professional)
|2 SNKPHeng
|9 90966
|
| 655 |
|
7 |
|a jazykové slovníky
|2 SNKPH
|9 70525
|
| 655 |
|
7 |
|a Language dictionaries
|2 SNKPHeng
|9 301375
|
| 852 |
|
|
|a Štátna vedecká knižnica v Banskej Bystrici
|
| 919 |
|
|
|a 978-80-223-4354-1
|
| 958 |
|
|
|a NB
|
| 999 |
|
|
|c 1027554
|d 1029484
|
| 952 |
|
|
|a SNK
|b SNK
|y PREZ
|7 0
|p 17A1333116
|o snkSC 180108
|i snk2018/14106
|8 0
|0 0
|1 0
|4 0
|d 2018-06-29
|f 1
|l 0
|r 2026-02-24 13:44:11
|w 2026-02-24
|
| 952 |
|
|
|a SNK
|b SNK
|y VYP
|7 0
|p 17A1333117
|o snkSC 180108 D1
|i snk2018/14107
|8 0
|0 0
|1 0
|4 0
|d 2018-06-29
|l 0
|r 2026-02-24 13:44:11
|w 2026-02-24
|